Marriage and Divorce Under Islamic Law (Record no. 47)
[ view plain ]
| 000 -LEADER | |
|---|---|
| fixed length control field | 00367nam a22001337a 4500 |
| 008 - FIXED-LENGTH DATA ELEMENTS--GENERAL INFORMATION | |
| fixed length control field | 240306b |||||||| |||| 00| 0 eng d |
| 020 ## - INTERNATIONAL STANDARD BOOK NUMBER | |
| ISBN | 9789678909219 |
| 100 ## - MAIN ENTRY--AUTHOR | |
| Author | Nik, Badli Shah Nik Noriani |
| 245 ## - TITLE STATEMENT | |
| Title | Marriage and Divorce Under Islamic Law |
| 260 ## - PUBLICATION, DISTRIBUTION, ETC. (IMPRINT) | |
| Place of publication | Mabyola |
| Name of publisher | International Law Books Services |
| Date of publication | 1998 |
| 300 ## - COLLATION | |
| Pagination | iii,136p. |
| 942 ## - ADDED ENTRY ELEMENTS (KOHA) | |
| Item type | Books |
| 082 ## - DEWEY DECIMAL CLASSIFICATION NUMBER | |
| Classification number | KN173 |
| Item number | .S8 |
| Source of classification or shelving scheme | Not for loan | Permanent location | Current location | Date acquired | Accession No. | Full call number | Barcode. | Koha item type |
|---|---|---|---|---|---|---|---|---|
| Dewey Decimal Classification | Law Library | Law Library | 03/06/2024 | 2007-040881 | KN173.S8 | 2024-0058 | Books | |
| Dewey Decimal Classification | Law Library | Law Library | 03/06/2024 | 2007-040881 | KN173.S8 | 2024-0059 | Books | |
| Dewey Decimal Classification | Law Library | Law Library | 03/06/2024 | 2007-040881 | KN173.S8 | 2024-0060 | Books |